Tvorba a použitie sociálneho fondu
Povinnosť tvoriť sociálny fond. Zdroje sociálneho fondu. Tvorba a čerpanie fondu, zúčtovanie prostriedkov sociálneho fondu. Použitie fondu, podmienky poskytovania príspevkov. Zdaňovanie príjmov zo sociálneho fondu.
Salvato in:
| Autore principale: | |
|---|---|
| Natura: | Capitolo di libro |
| Lingua: | slovacco |
| Soggetti: | |
| Tags: |
Nessun Tag, puoi essere il primo ad aggiungerne!!
|
MARC
| LEADER | 00000naa$a2200000$$$4500 | ||
|---|---|---|---|
| 001 | 0093615 | ||
| 005 | 20231120111637.8 | ||
| 041 | 0 | |a slo | |
| 044 | |a SK | ||
| 245 | 1 | 0 | |a Tvorba a použitie sociálneho fondu |c Ivana Valterová |
| 520 | |a Povinnosť tvoriť sociálny fond. Zdroje sociálneho fondu. Tvorba a čerpanie fondu, zúčtovanie prostriedkov sociálneho fondu. Použitie fondu, podmienky poskytovania príspevkov. Zdaňovanie príjmov zo sociálneho fondu. | ||
| 610 | 2 | 0 | |a fond sociálny |
| 610 | 2 | 0 | |a zdroje finančné |
| 610 | 2 | 0 | |a príspevky sociálne |
| 100 | 1 | |a Valterová, Ivana | |